Tzoumerka, Grece

Enregistré dans:
Détails bibliographiques
Format: Livre
Langue:français
Publié: Paris OECD 2002
Collection:Examens territoriaux de l'OCDE
Sujets:
Tags: Ajouter un tag
Pas de tags, Soyez le premier à ajouter un tag!

MARC

LEADER 00000nam a2200000 4500
001 c133621
005 20221124093147.9
020 |a 92-64-29677-8 
041 0 |a fre 
044 |a FR 
245 1 0 |a Tzoumerka, Grece 
264 1 |a Paris  |b OECD  |c 2002 
300 |a 207 s. 
490 1 |a Examens territoriaux de l'OCDE 
830 0 |a Examens territoriaux de l'OCDE 
610 2 0 |a politika hospodárska 
610 2 0 |a vývoj hospodársky 
610 2 0 |a politika sociálna 
610 2 0 |a trh práce 
610 2 0 |a nezamestnanosť 
610 2 0 |a regióny 
610 2 0 |a politika regionálna 
610 2 0 |a výroba 
610 2 0 |a politika environmentálna 
610 2 0 |a svet 
610 2 0 |a Grécko 
610 2 0 |a OECD